Fundamentals of Aerodynamics Indian Edition (SI Units) 5th Edition (Record no. 314158)
[ view plain ]
| 000 -LEADER | |
|---|---|
| fixed length control field | 00457 a2200169 4500 |
| 001 - CONTROL NUMBER | |
| control field | 79085 |
| 020 ## - INTERNATIONAL STANDARD BOOK NUMBER | |
| International Standard Book Number | 9780070700123 |
| 082 ## - DEWEY DECIMAL CLASSIFICATION NUMBER | |
| Classification number | 629.1323 AND |
| 090 ## - LOCALLY ASSIGNED LC-TYPE CALL NUMBER (OCLC); LOCAL CALL NUMBER (RLIN) | |
| -- | 39578 |
| -- | 39578 |
| 100 ## - MAIN ENTRY--PERSONAL NAME | |
| Personal name | John D Anderson |
| 245 ## - TITLE STATEMENT | |
| Title | Fundamentals of Aerodynamics Indian Edition (SI Units) 5th Edition |
| Medium | English |
| 250 ## - EDITION STATEMENT | |
| Edition statement | 5 |
| 260 ## - PUBLICATION, DISTRIBUTION, ETC. | |
| Place of publication, distribution, etc. | India |
| Name of publisher, distributor, etc. | Tata Mcgraw Hill India |
| Date of publication, distribution, etc. | 2010 |
| 300 ## - PHYSICAL DESCRIPTION | |
| Extent | xxiv+1034p |
| 500 ## - GENERAL NOTE | |
| General note | DOS BS Reference Books |
| 505 ## - FORMATTED CONTENTS NOTE | |
| Formatted contents note | AHQ Books |
| 942 ## - ADDED ENTRY ELEMENTS (KOHA) | |
| Institution code [OBSOLETE] | CAE NUST |
| Call number prefix | 629.1323 AND |
| Withdrawn status | Lost status | Damaged status | Not for loan | Collection code | Permanent Location | Current Location | Date acquired | Total Checkouts | Full call number | Barcode | Date last seen | Price effective from | Koha item type |
|---|---|---|---|---|---|---|---|---|---|---|---|---|---|
| College of Aeronautical Engineering (CAE) | College of Aeronautical Engineering (CAE) | 04/03/2017 | 629.1323 AND | CAE82176 | 04/05/2017 | 04/05/2017 | Book | ||||||
| College of Aeronautical Engineering (CAE) | College of Aeronautical Engineering (CAE) | 04/03/2017 | 629.1323 AND | CAE82177 | 04/05/2017 | 04/05/2017 | Book |
